000 01555nam a2200337 i 4500
001 000016340
003 DO-SdBNP
005 20250130133959.0
007 ta
008 100303s1984 dr 000 0 spa d
040 _aDO-SdBNP
_bspa
_cBNPHU
_erda
082 _axxx
_bC172e
100 _aGuzmán de Camacho, Ana Dolores
_912351
_d1963-
245 1 0 _aEvaluación Educativa :
_bcuaderno pedagógico /
_cAna Dolores de Camacho, Josefina Mercedes de Cotes, Socorro Hernández, Alejandrina Germán, Israel Eduardo Contreras Fani
250 _a2da. edición
264 1 _aSanto Domingo :
_bEditora Universitaria,
_c1984.
300 _a202 páginas
_c27 cm.
336 _2rdacontent
_atexto
_btxt
337 _2rdamedia
_asin medición
_bn
338 _2rdacarrier
_avolumen
_bnc
500 _aFacultad de Humanidades. Departamento de Pedagogía.
504 _aBibliografía p: 199-202
505 _gTema I --
_tVisión preliminar de la necesidad de la evaluación --
_gTema II --
_tNaturaleza y ámbito de la evaluación --
_gTema III --
_tRendimiento escolar --
_gTema IV --
_tLas pruebas: instrumento de medición --
_gTema V --
_tTécnicas para evaluar el dominio afectivo y el psicomotor --
_gTema VI --
_tLa promoción y las calificaciones /
590 _aInventariado 2023/ YL
700 1 2 _aCotes, Josefina Mercedes de
_936448
_eAutora
700 1 2 _aHernández, Socorro
_936449
_eAutora
700 1 2 _aGermán de Sosa, Alejandrina
_936450
_eAutora
700 1 2 _aContreras Fani, Israel Eduardo
_936451
_eAutor
910 _aYLockward
942 _2ddc
_cLBS1
999 _c54281
_d54281